000 00416nmm a2200157Ia 4500
008 251105s9999||||xx |||||||||||||||||und||
020 _a9788467191332
041 _aspa
100 _aHart, Jessica
245 0 _aLa sensata secretaria
264 _a[Madrid, España] :
_bHarlequin,
_c2010
300 _a116 páginas
650 _aRomance
856 _uhttps://public.digitaliapublishing.com/a/32702
942 _cCF
999 _c83652
_d83652